000 00281nam a22001337a 4500
008 171220b xxu||||| |||| 00| 0 eng d
020 _a9781405104128`
041 _aeng
080 _a579
100 _a11
101 _aMICF
245 _aMICROBIOLOGY
_cVIKAS,B
942 _2udc
_cBK
999 _c39218
_d39218